[Event "AUTO-ADV-2918"]
[Site "http://www.queenalice.com/game.php?id=1232535"]
[Date "2013.11.15"]
[Round "2"]
[White "Espechess"]
[Black "pioki"]
[Result "1-0"]
[WhiteElo "2109"]
[BlackElo "1970"]

1. e4 c5 2. Nf3 Nc6 3. d4 cxd4 4. Nxd4 Qb6 5. c3 Nf6 6. f3 g6 7. Qc2 Nxd4 8.
cxd4 Qxd4 9. Qd3 Qxd3 10. Bxd3 d6 11. Nc3 a6 12. Be3 Bg7 13. O-O O-O 14. Rac1
Be6 15. a3 Rac8 16. Bd4 Rc6 17. Rfe1 Rfc8 18. e5 Nd7 19. f4 Nc5 20. Bf1 Nb3 21.
Rcd1 Nxd4 22. Rxd4 dxe5 23. Rb4 1-0

[Event "AUTO-ADV-2918"]
[Site "http://www.queenalice.com/game.php?id=1232536"]
[Date "2013.11.15"]
[Round "2"]
[White "pioki"]
[Black "junipero"]
[Result "0-1"]
[WhiteElo "1996"]
[BlackElo "2015"]

1. e4 c5 2. Nf3 Nc6 3. d4 cxd4 4. Nxd4 e5 5. Nb5 d6 6. c4 Nf6 7. N1c3 a6 8. Na3
h6 9. Nc2 Qa5 10. Bd2 Qd8 11. Be3 Bg4 12. f3 Bd7 13. Be2 Be7 14. O-O O-O 15. Qd2
Be6 16. Nd5 Bxd5 17. cxd5 Nb8 18. Rac1 b5 19. Kh1 Nbd7 20. Nb4 Nb8 0-1

[Event "AUTO-ADV-2918"]
[Site "http://www.queenalice.com/game.php?id=1232537"]
[Date "2013.11.15"]
[Round "2"]
[White "junipero"]
[Black "pioki"]
[Result "1-0"]
[WhiteElo "2021"]
[BlackElo "1960"]

1. d4 Nf6 2. c4 d6 3. Nc3 c6 4. e3 g6 5. Nf3 Bg7 6. g3 O-O 7. Bg2 Nbd7 8. O-O c5
9. b3 a6 10. Bb2 Rb8 11. Qc1 b6 12. d5 Kh8 13. Re1 Ng4 14. h3 Nge5 15. Nxe5 Nxe5
16. Qd2 Bxh3 17. f4 Bxg2 18. Kxg2 Ng4 19. Kf3 h5 20. Ne4 b5 21. Bxg7+ 1-0

[Event "AUTO-OPEN-3042"]
[Site "http://www.queenalice.com/game.php?id=1287489"]
[Date "2014.6.11"]
[Round "2"]
[White "goldenboy"]
[Black "pioki"]
[Result "0-1"]
[WhiteElo "2019"]
[BlackElo "1975"]

1. e4 c5 2. f4 Nc6 3. Nf3 d6 4. Bb5 a6 5. Bxc6+ bxc6 6. O-O d5 7. Qe2 Bg4 8. d3
g6 9. e5 Bg7 10. h3 Bxf3 11. Qxf3 e6 12. g4 h5 13. f5 hxg4 14. hxg4 Bxe5 15.
fxe6 f5 16. gxf5 Qh4 17. Rf2 Bd4 18. Kf1 Bxf2 19. Qxf2 Qh1+ 20. Qg1 Qf3+ 21. Ke1
Rh1 0-1

[Event "AUTO-OPEN-3042"]
[Site "http://www.queenalice.com/game.php?id=1287490"]
[Date "2014.6.11"]
[Round "2"]
[White "pioki"]
[Black "goldenboy"]
[Result "1-0"]
[WhiteElo "1954"]
[BlackElo "2074"]

1. e4 e5 2. f4 exf4 3. Nf3 Nf6 4. Nc3 Bb4 5. e5 Bxc3 6. bxc3 Qe7 7. Be2 Nd5 8.
O-O Nc6 9. c4 Ndb4 10. d4 O-O 11. a3 Na6 12. Bxf4 d6 13. Bd3 Bg4 14. exd6 cxd6
15. c3 Qf6 16. Qd2 Bxf3 17. Rxf3 Qe7 18. Rh3 g6 19. Bxd6 Qxd6 20. Qh6 Rfe8 21.
Rf1 Qe6 22. Qxh7+ Kf8 23. d5 Qd7 24. Qh8+ Ke7 25. Qf6+ 1-0

[Event "AUTO-OPEN-3042"]
[Site "http://www.queenalice.com/game.php?id=1287497"]
[Date "2014.6.11"]
[Round "2"]
[White "pioki"]
[Black "avian"]
[Result "1-0"]
[WhiteElo "2003"]
[BlackElo "1860"]

1. e4 c6 2. d4 d5 3. exd5 cxd5 4. c4 Nf6 5. Nc3 e6 6. Qb3 Nc6 7. Nf3 Bb4 8. a3
dxc4 9. Bxc4 Bxc3+ 10. bxc3 O-O 11. O-O Ne4 12. Bd3 Nf6 13. Bg5 b6 14. Qc2 h6
15. Bh4 Bb7 16. Rfd1 Na5 17. Nd2 Qd5 18. f3 Nh5 19. Be4 Qd7 20. Bf2 Bxe4 21.
fxe4 Rac8 22. Qd3 Nf6 23. h3 Nc6 24. Qg3 Na5 25. Qd3 Nc6 26. Rac1 Ne5 27. Qe2
Ng6 28. Qf3 e5 29. d5 Nf4 30. Nf1 Qd6 31. c4 N6h5 32. Ng3 Nxg3 33. Bxg3 f5 34.
Bxf4 fxe4 35. Bxe5 Qc5+ 36. Bd4 exf3 37. Bxc5 Rxc5 38. Rd3 fxg2 39. Kxg2 Rc7 40.
Rd4 Rd7 41. Rc3 Rf6 42. Re3 Rdf7 43. Re8+ Kh7 44. Re3 Rd6 45. Kg3 Rg6+ 46. Rg4
Rxg4+ 47. Kxg4 Rd7 48. Kf5 Rf7+ 49. Ke6 Rf6+ 50. Ke7 Kg6 51. Re6 h5 52. Rxf6+
gxf6 53. d6 1-0

[Event "AUTO-OPEN-3042"]
[Site "http://www.queenalice.com/game.php?id=1287498"]
[Date "2014.6.11"]
[Round "2"]
[White "avian"]
[Black "pioki"]
[Result "0-1"]
[WhiteElo "1843"]
[BlackElo "1993"]

1. d4 Nf6 2. c4 d6 3. Nc3 c6 4. Nf3 Nbd7 5. e4 e5 6. d5 Be7 7. Bd3 O-O 8. O-O
Nc5 9. Bc2 a5 10. Be3 Na6 11. a3 Ng4 12. Qe2 Nxe3 13. Qxe3 f5 14. exf5 Bxf5 15.
Bxf5 Rxf5 16. Ne4 cxd5 17. cxd5 h6 18. Rac1 Qd7 19. Qb6 Rf4 20. Ng3 Nc5 21. Rxc5
dxc5 22. Nxe5 Qxd5 23. Re1 Bf6 24. Ng6 Rd4 25. Qc7 Rd1 26. Kf1 Qd2 27. Ne7+ Kh7
0-1

[Event "AUTO-OPEN-3042"]
[Site "http://www.queenalice.com/game.php?id=1319781"]
[Date "2014.11.1"]
[Round "3"]
[White "Alexandrovinsk"]
[Black "pioki"]
[Result "0-1"]
[WhiteElo "2148"]
[BlackElo "2003"]

1. d4 Nf6 2. c4 d6 3. Nc3 c6 4. Nf3 Nbd7 5. e4 e5 6. Be2 Be7 7. O-O O-O 8. h3
exd4 9. Nxd4 Nc5 10. Bf3 a5 11. a4 Re8 12. Be3 Bf8 13. Qc2 Qe7 14. g4 Nfxe4 15.
Rfe1 Nxc3 16. Qxc3 Bd7 17. Kf1 Qf6 18. Kg2 Ne4 19. Qc2 Ng5 20. Bxg5 Qxg5 21. b3
g6 22. Kf1 Bg7 23. Ne2 Bxa1 0-1

[Event "AUTO-OPEN-3042"]
[Site "http://www.queenalice.com/game.php?id=1319782"]
[Date "2014.11.1"]
[Round "3"]
[White "pioki"]
[Black "Alexandrovinsk"]
[Result "0-1"]
[WhiteElo "2013"]
[BlackElo "2173"]

1. e4 e5 2. f4 d5 3. exd5 Qxd5 4. Nc3 Qe6 5. fxe5 Qxe5+ 6. Be2 Bg4 7. d4 Bxe2 8.
Ngxe2 Qe6 9. O-O a6 10. Nf4 Qd7 11. Re1+ Be7 12. Nfd5 Nc6 13. Bf4 Rc8 14. Nxc7+
Rxc7 15. Bxc7 Qxc7 16. d5 Qb6+ 17. Kh1 Nd4 18. Na4 Qf6 19. Qg4 Nf5 20. Re5 Qxe5
0-1

[Event "szybkielanie"]
[Site "http://www.queenalice.com/game.php?id=1326456"]
[Date "2014.12.6"]
[Round "1"]
[White "PGeon"]
[Black "pioki"]
[Result "0-1"]
[WhiteElo "1586"]
[BlackElo "2025"]

1. e4 c5 2. Bc4 Nc6 3. Qf3 Ne5 4. Qc3 Nxc4 5. Qxc4 d6 6. Nf3 a6 7. O-O Be6 8.
Qe2 Nf6 9. h3 g6 10. d3 Bg7 11. c4 O-O 12. a4 Qd7 13. Bg5 h6 14. Bxf6 Bxf6 15.
Nbd2 Bxb2 16. Rab1 Bg7 17. Rb3 Rfb8 18. d4 cxd4 19. Nxd4 Bxd4 20. Nf3 Bg7 21.
Rd1 Qxa4 22. Nd2 b5 23. Rbb1 Bxc4 24. Nxc4 Qxc4 25. Qf3 a5 26. Rbc1 Qe6 27. g4
a4 28. Rd5 a3 29. g5 h5 30. e5 Bxe5 31. Rb1 a2 0-1

[Event "szybkielanie"]
[Site "http://www.queenalice.com/game.php?id=1340148"]
[Date "2015.2.8"]
[Round "2"]
[White "pioki"]
[Black "REUSKING"]
[Result "1-0"]
[WhiteElo "2027"]
[BlackElo "2031"]

1. e4 e5 2. f4 d5 3. exd5 e4 4. d3 Nf6 5. dxe4 Nxe4 6. Qe2 Qe7 7. Nd2 f5 8. Nxe4
Qxe4 9. Qxe4+ fxe4 10. Be3 Bd6 11. O-O-O O-O 12. g3 Bg4 13. Rd2 Nd7 14. Bg2 Nf6
15. Ne2 Rae8 16. Re1 Bf5 17. h3 h5 18. a3 a5 19. c4 Nd7 20. Nc3 Nc5 21. Bxc5
Bxc5 22. Nxe4 Re7 23. Rde2 Rfe8 24. Kd2 Bd4 25. Kd3 Bf6 26. g4 hxg4 27. hxg4 Bh7
28. g5 Bxe4+ 29. Bxe4 1-0

[Event "szybkielanie"]
[Site "http://www.queenalice.com/game.php?id=1352194"]
[Date "2015.4.7"]
[Round "3"]
[White "pioki"]
[Black "Islander"]
[Result "0-1"]
[WhiteElo "2043"]
[BlackElo "2281"]

1. e4 e5 2. f4 d5 3. exd5 exf4 4. Nf3 Nf6 5. Bb5+ c6 6. dxc6 Nxc6 7. d4 Bd6 8.
O-O O-O 9. Bxc6 bxc6 10. Ne5 Ba6 11. c4 Bxe5 12. dxe5 Qb6+ 13. Kh1 Ne4 14. Qc2
Bxc4 15. Rxf4 Rad8 16. h3 Bd3 17. Qa4 Qc5 18. Na3 Ng3+ 19. Kh2 Ne2 20. Qd1 Qxe5
21. g3 Nxf4 22. gxf4 Qc5 23. Qg1 Qxg1+ 24. Kxg1 Rfe8 25. Bd2 Re2 26. Bc3 Rd6 0-1

[Event "AUTO-MASTER-2456"]
[Site "http://www.queenalice.com/game.php?id=1419711"]
[Date "2016.4.24"]
[Round "1"]
[White "JailtonMaster"]
[Black "pioki"]
[Result "0-1"]
[WhiteElo "2126"]
[BlackElo "2031"]

1. e4 c5 2. Nf3 Nc6 3. d4 cxd4 4. Nxd4 Qb6 5. Nb3 e6 6. Nc3 a6 7. Be2 Nf6 8. O-O
Be7 9. Be3 Qc7 10. f4 d6 11. Kh1 O-O 12. Qe1 Bd7 13. Rd1 b5 14. a3 Rac8 15. f5
Ne5 16. fxe6 fxe6 17. Bf4 Nc4 18. Bxc4 bxc4 19. Nd4 e5 20. Nf5 Bxf5 0-1

[Event "AUTO-MASTER-2456"]
[Site "http://www.queenalice.com/game.php?id=1419712"]
[Date "2016.4.24"]
[Round "1"]
[White "pioki"]
[Black "JailtonMaster"]
[Result "0-1"]
[WhiteElo "2051"]
[BlackElo "2043"]

1. e4 c5 2. Nc3 d6 3. Bc4 e6 4. f4 Nc6 5. Nf3 Nf6 6. d3 Be7 7. O-O O-O 8. Be3 a6
9. a4 Na5 10. Ba2 Bd7 11. d4 cxd4 12. Nxd4 Rc8 13. Qf3 Nc4 14. Bc1 Qb6 15. Be3
Nxe3 16. Qxe3 Qxb2 17. Nde2 d5 18. Qd3 dxe4 19. Nxe4 Nxe4 20. Qxe4 Rxc2 21. Bb1
f5 0-1

[Event "AUTO-MASTER-2456"]
[Site "http://www.queenalice.com/game.php?id=1419723"]
[Date "2016.4.24"]
[Round "1"]
[White "reycas"]
[Black "pioki"]
[Result "1-0"]
[WhiteElo "2201"]
[BlackElo "2029"]

1. e4 e5 2. f4 d5 3. exd5 e4 4. c4 c6 5. Nc3 Nf6 6. d4 cxd5 7. cxd5 Bb4 8. Qa4+
Qd7 9. Qxb4 Nxd5 10. Qc5 Nxc3 11. bxc3 Qe7 12. Qxc8+ Qd8 13. Qxb7 1-0

[Event "AUTO-MASTER-2456"]
[Site "http://www.queenalice.com/game.php?id=1419724"]
[Date "2016.4.24"]
[Round "1"]
[White "pioki"]
[Black "reycas"]
[Result "0-1"]
[WhiteElo "1968"]
[BlackElo "2201"]

1. e4 Nf6 2. e5 Nd5 3. c4 Nb6 4. d4 d6 5. exd6 cxd6 6. Nc3 g6 7. Nf3 Bg7 8. Be3
Bg4 9. Be2 O-O 10. O-O N8d7 11. h3 Bxf3 12. Bxf3 Rb8 13. b3 e5 14. Rc1 f5 15.
dxe5 dxe5 16. Bd5+ Kh8 0-1

[Event "AUTO-MASTER-2456"]
[Site "http://www.queenalice.com/game.php?id=1419729"]
[Date "2016.4.24"]
[Round "1"]
[White "mvson33"]
[Black "pioki"]
[Result "1-0"]
[WhiteElo "2010"]
[BlackElo "2017"]

1. Nf3 Nf6 2. d4 e6 3. Bg5 Be7 4. e3 O-O 5. Bd3 Nc6 6. a3 b6 7. O-O Bb7 8. Nbd2
Nd5 9. Bxe7 Ncxe7 10. c4 Nf6 11. Rc1 c5 12. dxc5 bxc5 13. Qc2 Qc7 14. h3 Rfd8
15. Ng5 h6 16. Nge4 Ne8 17. Nb3 d6 18. Ng3 Rac8 19. Nd2 Nc6 20. Nf3 Nf6 21. Rfd1
Rd7 22. Qe2 Rcd8 23. Bb1 1-0

[Event "AUTO-MASTER-2456"]
[Site "http://www.queenalice.com/game.php?id=1419730"]
[Date "2016.4.24"]
[Round "1"]
[White "pioki"]
[Black "mvson33"]
[Result "0-1"]
[WhiteElo "2035"]
[BlackElo "1992"]

1. e4 e6 2. d4 d5 3. Nd2 dxe4 4. Nxe4 Nd7 5. Bd3 Ngf6 6. Nxf6+ Nxf6 7. Nf3 b6 8.
Bg5 Bb7 9. O-O Be7 10. Re1 O-O 11. c3 Rc8 12. Qa4 a5 13. Ne5 Qd5 14. Nf3 Qd6 15.
Ne5 Qd5 16. f3 c6 17. Qc2 h6 18. Bh4 Rfe8 19. b3 Qd8 20. Nxf7 Kxf7 21. Bg6+ Kf8
22. Bxe8 Qxe8 23. Rxe6 Qf7 24. Rae1 Re8 0-1

[Event "AUTO-OPEN-3642"]
[Site "http://www.queenalice.com/game.php?id=1419755"]
[Date "2016.4.24"]
[Round "1"]
[White "joao37"]
[Black "pioki"]
[Result "0-1"]
[WhiteElo "1378"]
[BlackElo "2020"]

1. e4 c5 2. d3 Nc6 3. Nf3 g6 4. c3 d5 5. Nbd2 Bg7 6. Ng5 Nf6 7. Be2 O-O 8. Ndf3
h6 9. Nh3 dxe4 10. d4 exf3 11. Bxf3 cxd4 12. c4 Ne5 13. Be3 dxe3 14. O-O Qxd1
15. Bxd1 Nxc4 16. f3 Nxb2 17. Bc2 Nc4 18. Bb3 Nd2 19. Rfe1 Bxh3 20. Bd1 Be6 21.
Rxe3 Nd5 22. Rd3 Bxa1 23. Rxd2 Rac8 24. g4 Rc1 25. Kf2 Nf4 26. Bc2 Bc3 27. Rd1
Rxc2+ 28. Ke3 g5 29. a3 Re2# 0-1

[Event "AUTO-OPEN-3642"]
[Site "http://www.queenalice.com/game.php?id=1419756"]
[Date "2016.4.24"]
[Round "1"]
[White "pioki"]
[Black "joao37"]
[Result "1-0"]
[WhiteElo "2027"]
[BlackElo "1396"]

1. e4 e6 2. d4 Nf6 3. e5 Nd5 4. c4 Nf4 5. Bxf4 Be7 6. Qg4 Nc6 7. Qxg7 Nxd4 8.
Qxh8+ Bf8 9. Bd3 Nf5 10. Bxf5 exf5 11. Bh6 Ke7 12. Bg5+ f6 13. Qxf6+ Ke8 14.
Qxd8+ Kf7 15. Nc3 b6 16. Qf6+ Kg8 17. O-O-O Bg7 18. Qd8+ Bf8 19. Qxc7 h6 20. Bf6
f4 21. Nf3 1-0

[Event "AUTO-OPEN-3642"]
[Site "http://www.queenalice.com/game.php?id=1419779"]
[Date "2016.4.24"]
[Round "1"]
[White "betofortaleza"]
[Black "pioki"]
[Result "0-1"]
[WhiteElo "1835"]
[BlackElo "2022"]

1. e4 c5 2. e5 Nc6 3. Nf3 g6 4. d4 cxd4 5. Nxd4 Nxe5 6. Bf4 Bg7 7. Nc3 d6 8.
Bb5+ Bd7 9. Bxe5 Bxe5 10. Bxd7+ Qxd7 11. O-O Nh6 12. f4 Bg7 13. Qf3 Bxd4+ 14.
Kh1 O-O 15. Nd5 e6 16. c3 Bg7 17. Qh3 Qd8 18. Ne3 Qb6 19. b4 Nf5 20. Nxf5 exf5
21. Qh4 Bxc3 22. Rac1 Bg7 23. Rfe1 d5 24. Qg3 d4 25. Qb3 Qd6 26. g3 Rfe8 27. a3
Re4 0-1

[Event "AUTO-OPEN-3642"]
[Site "http://www.queenalice.com/game.php?id=1419780"]
[Date "2016.4.24"]
[Round "1"]
[White "pioki"]
[Black "betofortaleza"]
[Result "0-1"]
[WhiteElo "1986"]
[BlackElo "1927"]

1. e4 e5 2. f4 exf4 3. Bc4 Qh4+ 4. Kf1 d6 5. Nf3 Qf6 6. Nc3 Ne7 7. d4 Bg4 8. Kf2
Nbc6 9. Ne2 Bxf3 10. gxf3 O-O-O 11. Bxf4 d5 12. e5 Qh4+ 13. Bg3 Qh5 14. Bd3 Ng6
15. c3 Be7 16. Qa4 f5 17. f4 Bh4 18. b4 Qg4 0-1

[Event "AUTO-OPEN-3642"]
[Site "http://www.queenalice.com/game.php?id=1419793"]
[Date "2016.4.24"]
[Round "1"]
[White "mvson33"]
[Black "pioki"]
[Result "1-0"]
[WhiteElo "2031"]
[BlackElo "1961"]

1. Nf3 Nf6 2. d4 e6 3. Bg5 Be7 4. e3 O-O 5. Bd3 d5 6. O-O c5 7. dxc5 Bxc5 8.
Nbd2 Be7 9. c3 Nc6 10. Rc1 b6 11. Bb1 Bb7 12. Qc2 g6 13. Bh6 Re8 14. Rfd1 Rc8
15. Qd3 Ng4 16. Bf4 e5 17. Bg3 e4 18. Nxe4 Nce5 19. Nxe5 Nxe5 20. Bxe5 1-0

[Event "AUTO-OPEN-3642"]
[Site "http://www.queenalice.com/game.php?id=1419794"]
[Date "2016.4.24"]
[Round "1"]
[White "pioki"]
[Black "mvson33"]
[Result "0-1"]
[WhiteElo "2001"]
[BlackElo "2026"]

1. e4 e6 2. d4 d5 3. exd5 exd5 4. Bd3 Nf6 5. Nf3 Be7 6. O-O O-O 7. Re1 Be6 8.
Qe2 Re8 9. Be3 c6 10. Nbd2 h6 11. Rad1 Nbd7 12. h3 Rc8 13. Nf1 Bd6 14. Qd2 Bf8
0-1